Wszyscy rzadcy zadymiarze w Brawl Stars - Statystyki

Ogólne statystyki
  • Ten quiz został rozwiązany 29 razy
  • Średni wynik to 7 z 8
Statystyki odpowiedzi
Hint Odpowiedź % Poprawnych
Rzadki El Primo
96%
Rzadki Barley
92%
Rzadki Nita
92%
Rzadki Poco
92%
Rzadki Bull
88%
Rzadki Colt
88%
Rzadki Rosa
88%
Rzadki Brock
81%
Nie znaleziono quizów pasujących do podanych kryteriów
Rozkład punktacji
Procent ludzi z każdym wynikiem
Percentyl według liczby udzielonych odpowiedzi
Twoja historia wyników
Nie rozwiązałeś tego quizu